000 00371nam a2200145Ia 4500
008 100122s9999 xx 000 0 und d
082 _b29968
_a828
100 _aपारगांवकर वि शं
245 _aसय
260 _bअस्मिता प्रकाशन
_c1905
300 _a112
630 _aसय
730 _aसय
942 _cBOOK
999 _c415025
_d415022